Tuyển tập Trần Hữu Thung /
Gorde:
| Egile nagusia: | |
|---|---|
| Formatua: | Sách giấy |
| Hizkuntza: | Vietnamese |
| Argitaratua: |
Hà Nội :
Văn học ,
1997
|
| Etiketak: |
Etiketa erantsi
Etiketarik gabe, Izan zaitez lehena erregistro honi etiketa jartzen!
|
| Thư viện lưu trữ: | Thư viện Trường Đại học Đà Lạt |
|---|
| LEADER | 00545nam a2200229 4500 | ||
|---|---|---|---|
| 001 | DLU020010382 | ||
| 005 | ##11/24/1999 | ||
| 041 | # | # | |a vie |
| 082 | # | # | |a 895.922 809 |b TR-T |
| 100 | # | # | |a Trần Hữu Thung |
| 245 | # | # | |a Tuyển tập Trần Hữu Thung / |c Trần Hữu Thung |
| 260 | # | # | |a Hà Nội : |b Văn học , |c 1997 |
| 300 | # | # | |a 581 tr.; |c 19 cm. |
| 992 | # | # | |a 35000 |
| 994 | # | # | |a DLU |
| 900 | # | # | |a False |
| 911 | # | # | |a Administrator |
| 925 | # | # | |a G |
| 926 | # | # | |a A |
| 927 | # | # | |a SH |
| 980 | # | # | |a Thư viện Trường Đại học Đà Lạt |